000 00608nam a2200193Ia 4500
003 GCL
005 20240530102217.0
008 140319s9999 xx 000 0 ara d
040 _aGCL /
_cGCL
082 0 4 _a530
_bع ف
100 1 _aعلى محمد عكاز
245 1 0 _aالفيزياء 2 :
_cعلى محمد عكاز
_bالكهرباء والمغناطيسية والبصريات /
260 _aبيروت:
_bدار الراتب الجامعية
300 _a300 ص ؛
_c24 سم
650 0 4 _aالكهرباء
650 0 4 _aالمغناطيسية
650 0 4 _aالبصريات
942 _2ddc
_cBK
999 _c30579
_d30579